Management accounting / (Record no. 163264)

MARC details
000 -LEADER
fixed length control field 00472nam a22001697a 4500
005 - DATE AND TIME OF LATEST TRANSACTION
control field 20190408121156.0
010 ## - LCCN (DPL NO)
LC control number B-109842
020 ## - INTERNATIONAL STANDARD BOOK NUMBER
International Standard Book Number 8187224576
Terms of availability 110.00
035 ## - SYSTEM CONTROL NUMBER
System control number B-109842
037 ## - SOURCE OF ACQUISITION
Source of stock number/acquisition Krishna Prakashan Media
082 ## - DEWEY DECIMAL CLASSIFICATION NUMBER
Classification number 658.1511
100 ## - MAIN ENTRY--PERSONAL NAME
Personal name Goel, Rakesh Kumar
245 ## - TITLE STATEMENT
Title Management accounting /
Statement of responsibility, etc Rakesh Kumar Goel
260 ## - PUBLICATION, DISTRIBUTION, ETC. (IMPRINT)
Place of publication, distribution, etc Meerut
Name of publisher, distributor, etc Krishna Prakashan Media
Date of publication, distribution, etc 2005
300 ## - PHYSICAL DESCRIPTION
Extent 308p.
Dimensions 24cm
942 ## - ADDED ENTRY ELEMENTS (KOHA)
Source of classification or shelving scheme Dewey Decimal Classification
Item type English Books
Classification part 658.1511
Call number suffix GOE
Holdings
Withdrawn status Lost status Not for loan Collection code Home library Current library Date acquired Full call number Barcode Koha item type Public note
      Non-fiction Sarojini Nagar Sarojini Nagar 08/04/2019 658.1511 GOE B-109842 English Books Withdran List Prepared L.No.16/10

© Delhi Public Library
Hit Counter
free hit counter